| 000 | 01032nam a2200241 i 4500 | ||
|---|---|---|---|
| 001 | 88455 | ||
| 003 | ES-MaACL | ||
| 005 | 20250827022716.0 | ||
| 007 | t| | ||
| 008 | 050104s1951 ag ||||1| spa d | ||
| 100 | 1 |
_aLandis, James M. _969958 |
|
| 245 | 1 | 3 |
_aEl poder administrativo / _cJames M. Landis ; [traducción directa del inglés por Enrique E. Bledel]. |
| 260 |
_aBuenos Aires : _bDe Palma, _c1951. |
||
| 300 |
_aXIII, 171 p. ; _c24 cm. |
||
| 510 |
_aCCPB, _c001051929-7 |
||
| 650 | 7 |
_aDerecho administrativo _2embne _911642 |
|
| 700 | 1 |
_aBledel, Enrique E. _929464 |
|
| 852 |
_aES-MaACL _jD-6372 _bR.32176 _bR.M.5967 _991695 _cSVI _fSello en tinta azul de la Biblioteca del Ateneo de Madrid _fEn hoja de guarda trasera: sello en tinta azul de José Barreiro Ortiz, importador de libros _zEn cubierta: "10.MAY.1952" |
||
| 942 |
_2udc _cMONOGRAFIA |
||
| 999 |
_c88455 _d88455 |
||